000 00821nas a2200277 4500
001 BR2012006955
003 BR-BrBNA
005 20231205121149.0
007 ta
008 230509b bl.|||p| |||| 00| 00por d
040 _aBR-BrBNA
_bpor
_cBiblioteca Nacional de Agricultura
041 _a(Pt)
072 _aF30
100 1 _aBorges, V.
100 1 _aFerreira, P.V.
100 1 _aSoares, L.
100 1 _aSantos, M.G.
100 1 _aSantos, A.M.M.
245 1 _aSeleção de clones de batata-doce pelo procedimento REML/BLUP
650 _aSELEÇÃO GENÉTICA
650 _aBATATA DOCE
650 _aIPOMOEA BATATAS
773 0 _tActa Scientiarum. Agronomy (Brazil)
_xISSN 1679-9275
_g(Oct- Dec 2010), v. 32(4) p. 643-649
_wBR2012006955
909 _a202311
_bLúcia
_c55
_dLúcia Elande
942 _2AGRIS
_n0
_cANA
999 _c222120
_d222120